Se ci sei, resta /

Saved in:
Bibliografiske detaljer
Hovedforfatter: Kunstner, L.V
Format: Bog
Sprog:italiensk
Udgivet: [s.l. : a cura dell'autrice, 2017]
Tags: Tilføj Tag
Ingen Tags, Vær først til at tagge denne postø!

MARC

LEADER 00000nam a22000007i 4500
001 IT\ICCU\UBO\4889623
003 ItRI
005 20260115232012.0
008 250708s2017 it |||||| ||||| |||||c
020 |a 9781520691565 
040 |b ita  |c importazione bologna sebina 
041 7 |a ita  |2 ISO-639-2 
100 1 |a Kunstner, L.V.  |0 IT\ICCU\UBOV\158822 
245 1 0 |a Se ci sei, resta /  |c L.V. Kunstner. 
260 |a [s.l. :  |b a cura dell'autrice,  |c 2017] 
300 |a 254 p. ;  |c 20 cm 
500 |a Titolo dalla copertina 
942 |2 ddc  |c BK  |n 0 
952 |0 0  |1 0  |4 0  |6 DOC_853_920000000000000_KUN  |7 0  |9 18710  |a BO  |b BO  |d 2026-01-15  |i 20974  |l 0  |o DOC 853.92 KUN  |p BO20974  |r 2026-01-15 23:20:12  |w 2026-01-15  |x [Sebina 5] [1 v.]  |y BK  |z 1 v. 
999 |c 15873  |d 15873